[Event "Moscow Aeroflot op"]
[Site "Moscow"]
[Date "2002.02.05"]
[Round "2"]
[White "Izoria, Zviad"]
[Black "Belov, Vladimir"]
[Result "1-0"]
[WhiteElo "2547"]
[BlackElo "2487"]
[Annotator "Tsesarsky,I"]
[PlyCount "71"]
[EventDate "2002.02.04"]
[EventType "swiss"]
[EventRounds "9"]
[EventCountry "RUS"]
[SourceTitle "CBM 088"]
[Source "ChessBase"]
[SourceDate "2002.03.21"]
[SourceVersion "1"]
[SourceVersionDate "2002.03.21"]
[SourceQuality "1"]

1. c4 Nf6 2. Nc3 c5 3. Nf3 e6 4. e3 Be7 5. d4 cxd4 6. exd4 d5 7. cxd5 Nxd5 8.
Bc4 O-O 9. O-O Nc6 10. Re1 Bf6 11. Ne4 Nce7 $6 $14 {This intersting move looks
in spirit of this type of positions, but it is inaccuracy - see above.} (11...
Kh8 $6 12. Nxf6 gxf6 $14 {0-1 Stefl,V-Kislov,M/Brno 1976/EXT 99 (71)}) (11...
Bd7 $6 12. Nxf6+ Nxf6 13. Bg5 $14 {1-0 Tal,M-Cserna,L/Albena 1984/EXT 99 (27)})
(11... Be7 12. Bg5 b6 13. Rc1 Bb7 (13... Bxg5 14. Nexg5 h6 15. Ne4 Bb7 $132)
14. Bxd5 exd5 (14... Qxd5 15. Rxc6 Bb4 (15... Bxg5 16. Rd6 $1 $18) 16. Rc3 $16)
15. Bxe7 Nxe7 16. Ng3 $14 {1-0 Nikcevic,N-Valuet,B/Paris FRA 2001/The Week in
Chess 351 (35)}) ({Can be strongly recommended} 11... h6 $1 {and Black
recieves excellent position, for example:} 12. a3 (12. Qd3 Na5 13. Bb5 Bd7 14.
Bxd7 Qxd7 15. Ne5 Qd8 16. Nxf6+ Nxf6 17. Qg3 $5 $14 {[%cal Gc1h6]} (17. Re3 Qd5
18. Rg3 Kh8 19. Rh3 Nc6 $8 20. Bxh6 gxh6 21. Qe3 Ng8 22. Rxh6+ Nxh6 23. Qxh6+
Kg8 $11 {1/2-1/2 Wirthensohn,H-Giertz,N/SWZ 1993/TD (37)})) (12. Be3 b6 13. Qa4
(13. Bxd5 exd5 14. Nxf6+ Qxf6 15. Ne5 Bf5 $11) 13... Bb7 14. Rac1 a6 (14... Be7
$11) 15. Bxd5 exd5 16. Nxf6+ Qxf6 17. Qb3 Na5 18. Qb4 Rfc8 $11 {1-0 Stahlberg,
G-Sliwa,B/Prague 1954/EXT 98 (40)}) 12... b6 13. Qd3 Bb7 14. Bd2 (14. Bb3 Nce7
15. Bc2 Ng6 16. Ne5 Bxe5 17. dxe5 Ndf4 $11 {1/2-1/2 Blehm,P-Doettling,F/Patras
1999/CBM 72 ext (24)}) 14... Rc8 (14... Nce7 15. Rad1 Nf5 16. Ba2 a5 $132 {
0-1 Poluljahov,A-Ruban,V/Moscow 1994/CBM 45 ext (38)}) 15. Rad1 Nce7 16. Nxf6+
Nxf6 17. Ne5 Bd5 $11 {1/2-1/2 Sokolov,A-Doettling,F/Stuttgart GER 2002/The
Week in Chess 385 (41)}) (11... b6 {-mainline} 12. Nxf6+ (12. h4 {-see
commented game 1/2-1/2 Serper,G-Lugovoi,A/St Petersburg 1995/CBM 46 ext 
[Lugovoi,A](43)}) (12. a3 Bb7 {-see commented game 1/2-1/2 Serper,G-Kaidanov,G/
Groningen 1993/CBM 39 [Serper,G](42)}) 12... Nxf6 13. Bg5 {-see detailed
commented game 1-0 Ivanov,S-Hillarp Persson,T/Stockholm 2000/CBM 79 [Tsesarsky,
I](41)}) 12. Nxf6+ (12. Qd3 $143 Nf5 $1 (12... Ng6 $6 13. Nxf6+ Nxf6 (13...
Qxf6 $2 $16 14. Bg5 Ngf4 15. Qe4 $1 (15. Qd2 $2 Nh3+ $1 16. Kf1 Nxg5 17. Nxg5
Rd8 $11 {1-0 Bryson,D-Grant,J/Glasgow 2000/CBM 77 ext (52)}) 15... Qg6 16. Bxf4
Qxe4 17. Rxe4 f5 18. Re5 Nxf4 19. g3 Ng6 20. Bxe6+ $16) 14. Ne5 Qb6 15. Bg5 Rd8
16. Qe2 Qxd4 17. Rad1 Qb6 18. Rxd8+ Qxd8 19. Ng4 {[%csl Rf6]} Qe7 20. a3 {
[%cal Ge2f3]} Bd7 21. b3 $1 $14 {[%csl Rf6][%cal Ge2b2]} (21. Qf3 Bc6 22. Nxf6+
Qxf6 23. Qxf6 gxf6 24. Bxf6 $14 {^^})) 13. Bd2 b6 {[%cal Gc8b7]} 14. Ne5 Bb7
$132) (12. a3 $5) 12... Nxf6 13. Bg5 {[%cal Gg5d8]} Nf5 ({Or} 13... b6 14. Ne5
Bb7 15. Qd3 {and White keeps his advantage:} Rc8 (15... Nfd5 16. Qh3 Qd6 17.
Bd3 f5 18. Bxe7 Qxe7 19. Bc4 $16 {[%csl Re6] 1-0 Wulf,J-Kock,H/Germany 1992/
EXT 2000 (63)} (19. Qg3 $16 {[%csl Ge5,Re6]})) 16. Rad1 Ng6 17. Qh3 Qc7 18. Bd3
$14 {1-0 Omelchenko,L-Zhelesny,S/Sochi 1998/EXT 2000 (32)}) 14. Qb3 $6 $132 ({
Much better is} 14. Bd3 $1 h6 15. Bxf5 hxg5 16. Bd3 {[%csl Rg5]} Bd7 17. Nxg5
Bc6 18. Bc4 $16) 14... h6 $1 {Black repels the unpleasant Bg5 and gets rid
from the pin.} 15. Bd2 Nd6 ({Too risky looks} 15... Nxd4 $6 16. Nxd4 Qxd4 17.
Bb4 Rd8 18. Rad1 Qb6 19. Rxd8+ Qxd8 20. Rd1 $14 {With very strong initiative
and development advantage. White has more than sufficient compensation for the
sacrificed P.}) 16. Bb4 Re8 17. Bd3 Nd5 18. Ba3 b6 19. Bxd6 ({Or} 19. Ne5 Bb7
20. Rac1 Nf5 $11) 19... Qxd6 20. Be4 Bb7 21. Ne5 Rac8 22. Rac1 Rxc1 23. Rxc1
Nf4 $4 $18 {[%mdl 8192] Black overlooks strong reply...} ({Right was} 23... Re7
{with approximately equal position.}) 24. Qb5 $1 {[%cal Gb5e2,Gb5e8] White Q
attacks the Re8 and protects e2 square from virtual Nf4-e2 jump.} Rd8 25. Bxb7
Qxd4 26. Rf1 (26. Re1 $18) 26... a6 27. Bxa6 Rd5 28. Qe8+ Kh7 29. Nf3 Qxb2 30.
Qxf7 Rf5 31. Qb7 Qxa2 32. g3 Nh3+ 33. Kg2 Qa3 34. Kxh3 Qxf3 35. Qxf3 Rxf3 36.
Bb7 1-0

[Event "POL-ch 57th"]
[Site "Plock"]
[Date "2000.05.01"]
[Round "4"]
[White "Kempinski, Robert"]
[Black "Hnydiuk, Aleksander"]
[Result "1-0"]
[WhiteElo "2525"]
[BlackElo "2350"]
[Annotator "Tsesarsky,I"]
[PlyCount "47"]
[EventDate "2000.04.28"]
[EventType "tourn"]
[EventRounds "13"]
[EventCountry "POL"]
[EventCategory "10"]
[SourceTitle "CBM 078"]
[Source "ChessBase"]
[SourceDate "2000.10.18"]
[SourceVersion "1"]
[SourceVersionDate "2000.10.18"]
[SourceQuality "1"]

1. d4 {Konikowski} Nf6 (1... d5 2. c4 c6 3. Nf3 Nf6 4. e3 e6 5. Nbd2 c5 6. Be2
Nc6 7. O-O cxd4 8. exd4 Be7 9. cxd5 Nxd5 10. Ne4 O-O 11. Bd3 b6 (11... Nf6 12.
Be3 Nb4 13. Nxf6+ (13. Bb1 {was in the game 1/2-1/2 Kuznetsova,Elena-Epshtein/
Petrosian mem-J ;EXT 99 1998 on 12-th move.}) 13... Bxf6 14. Be4 Nd5 15. Qd3 h6
16. Ne5 Nxe3 17. fxe3 Bxe5 18. Bh7+ Kh8 19. dxe5 Bd7 20. Be4 Bc6 21. Qxd8 Raxd8
22. Bxc6 bxc6 23. Rfd1 $11 {1/2-1/2 Lisik,Valery-Kandyba,L/URS-sf Voronezh ;
CBM 22 ext 1991 (32)}) 12. a3 Bb7 13. Qe2 {Exactly this position played in our
game after 12-th move of White.} Nf6 ({In our game was} 13... Qc7) 14. Be3 Rc8
15. Rad1 Qc7 16. Rfe1 Rfd8 $15 {[%csl Rd4] Maksimov,D-Zakharov,Vladimir/UKR-ch
U18 Dnepropetrovsk (8) ;EXT 2000 1999/1/2-1/2 (66)}) 2. c4 e6 3. Nf3 d5 4. Nc3
c5 5. cxd5 Nxd5 6. e3 Nc6 7. Bd3 Be7 8. O-O O-O 9. Ne4 $6 $15 {Rare move.More
popular are} (9. a3 $5) (9. Re1 $5 cxd4 10. exd4 {-mainline}) (9. Qe2 {
Konikowski} b6 10. Rd1 Bb7 (10... cxd4 11. Nxd5 Qxd5 12. exd4 Bb7 13. Be4 Qd6
14. Ne5 Rad8 15. Be3 Ba8 16. Nc4 Qb8 17. a3 b5 18. Ne5 Nxe5 19. Bxa8 Ng4 20.
Qxg4 Qxa8 21. Rac1 Qb7 22. h4 Rd5 23. Qg3 Bd6 24. Qf3 Qd7 $17 {Kallai,G-Farago,
I/HUN-chT 1994/}) 11. dxc5 Bxc5 12. Nxd5 exd5 13. Bd2 Qe7 14. Bc3 Rfe8 15. Ba6
Rad8 16. Bxb7 Qxb7 17. Qc2 f6 18. Qb3 Qf7 19. Rd3 Rd7 20. Rad1 Red8 21. Qa4 Qe6
22. b4 Bd6 23. Qb3 Ne7 24. Nd4 $14 {Szabo,L-Donner,J/Amsterdam 1973/MCL/1-0 
(64)}) (9. dxc5 {Konikowski} Nxc3 10. bxc3 Bxc5 $11) 9... cxd4 10. exd4 {
This position can be created from several openings.} b6 $1 $15 {Black wants to
develop Bc8 on b7 and to play against isolated Pd4. White's plan, in other
side is to prepare Attack on the Kingside.} (10... Nf6 $5 {Black wants to
change pair of NN.} 11. Ng3 (11. Be3 Nb4 12. Bb1 Nbd5 13. Qd3 b6 14. Nxf6+ Nxf6
15. Bg5 g6 16. Ne5 Bb7 17. Bh6 Re8 $15 {[%csl Rd4] Chemin,V-Pelikian,J/ch-BRA
Brasilia BRA 2000/1/2-1/2 (48)}) 11... Nb4 12. Bb1 b6 13. a3 Nbd5 14. Ne5 (14.
Re1 $5) 14... Bb7 15. Bg5 (15. Re1 $5 $132) 15... Rc8 16. Qd3 (16. Re1 $5 $132)
16... g6 17. Ba2 $132 (17. h4 $2 Nd7 $1 {Forcing 2 pair of pieces change} 18.
Bh6 Re8 19. h5 Nxe5 20. dxe5 Bg5 21. hxg6 hxg6 22. Bxg5 Qxg5 $17 {[%csl Re5,
Rg2][%cal Gd5f4] 1/2-1/2 Kuznetsova,Elena-Epshtein/Petrosian mem-J ;EXT 99
1998 (42) (Tsesarsky)})) 11. a3 $5 (11. Qe2 $2 Ndb4 $1 {[%csl Rd3,Rd4][%cal
Gb4d3]} 12. Bb5 Nxd4 13. Nxd4 Qxd4 14. Rd1 Qe5 15. f4 Qc7 $17 {1/2-1/2 Turna,
Dusan-Cenker,Milan/SVK-chT2 9697 (5) ;EXT 98 1997 (45)}) (11. Bg5 $5 {This
move also don't bring to White more than =/+:} Bb7 12. Bxe7 Qxe7 13. Rc1 Rfd8
14. Bb5 Na5 (14... Rac8 $15) 15. a3 Rac8 16. Qd3 Nf6 $15 (16... Nf4 $6 17. Qe3
Nd5 $11) (16... Nc7 17. Neg5 g6 18. Ba4 $15 (18. Rfe1 Nxb5 19. Rxc8 Rxc8 20.
Qxb5 h6 $17 {Nikanorov,Andrej-Astashov,Gleb/Chigorin mem (7) ;CBM 74 no vc
1999/0-1 (46)}))) 11... Bb7 12. Qe2 (12. Re1 Rc8 $15) 12... Qc7 (12... Rc8 $15)
13. Bb1 (13. Neg5 {Konikowski} Nf6 $13) 13... Na5 (13... Rac8 $5 14. Qd3 f5 (
14... g6 15. Bh6 Rfd8 16. Ba2 Nf6 $17 {[%csl Rd4]}) 15. Neg5 Nd8 16. Bd2 h6 17.
Nh3 Bf6 $15 {[%csl Rh3]}) 14. Neg5 Nf6 15. Qd3 Qc4 16. Qd1 (16. b4 Ba6 (16...
Qxd3 17. Bxd3 Nc6 $15 {[%csl Rd4]}) 17. Qxc4 Nxc4 18. Bd3 Rac8 19. Ne5 Bb5 $15)
16... Rac8 17. b4 Nc6 (17... Nb3 $6 18. Ba2 $8 (18. Bd3 Qd5 19. Rb1 Nxd4 $19)
18... Qxf1+ $5 (18... Bxf3 19. Nxf3 Qxc1 20. Rxc1 Nxc1 21. Bxe6 fxe6 22. Qd2
$18) 19. Kxf1 Nxa1 20. Bb2 Nc2 21. Bb3 h6 (21... Ne4 22. Nxh7 Kxh7 23. Bxc2 Kg8
24. Ne5 $14) 22. Bxc2 hxg5 23. Nxg5 Rfd8 $132) 18. Ba2 Qb5 {Black retain
better position} ({Also well was} 18... Qc3 19. Rb1 Nd8 20. Bb2 Qc7 21. Rc1 Qb8
22. Qe2 Rxc1 23. Rxc1 h6 $15) 19. Re1 {[%csl Re6]} (19. Nxe6 fxe6 20. Bxe6+ Kh8
21. Bxc8 Bxc8 $15) 19... Rcd8 $2 {Black doesn't feel a danger} ({Right was} 
19... Nd8 $1 {[%csl Ye6,Yf7][%cal Gb7f3][%mdl 256]} 20. Ne5 Bd5 21. Bb1 h6 22.
Bd3 Qe8 23. Ngf3 Nc6 24. Bb2 Rc7 $15 {[%csl Gd5,Rd4][%cal Ge8a8]}) 20. a4 $2
$132 {Wrong variation calculation} ({For White is not enough} 20. Nxf7 $1 Rxf7
21. Bxe6 {[%cal Gf3g5]} Re8 22. Ng5 (22. Ne5 Nxe5 23. dxe5 Qc6 24. Bxf7+ Kxf7
25. Qb3+ Kf8 26. Qh3 Bc8 27. Qg3 $14) (22. Bxf7+ Kxf7 23. Qb3+ Qd5 24. Qxd5+
Nxd5 25. Bg5 $14) 22... Nd8 23. Re5 Bd5 24. Bxf7+ Nxf7 25. Nxf7 Kxf7 26. Bg5
$14) (20. Nxf7 $142 $5 $36 {Konikowski}) 20... Qxb4 $8 21. Bd2 Qb2 $2 $16 {
[%csl Rb2] Missing the next strong tactical impact. '?' Konikowski.} ({Good
enough was} 21... Rxd4 $1 22. Nxd4 (22. Bxb4 Rxd1 23. Raxd1 Nxb4 24. Bb3 (24.
Bc4 Nfd5 (24... h6 $2 25. Nxe6 $1 $14) 25. Ne4 Rc8 $15) 24... h6 25. Nxe6 Bxf3
26. gxf3 fxe6 27. Rxe6 Kf7 $1 28. Re3+ (28. Rxb6+ Kg6 29. Rb7 Bc5 $15) 28...
Ke8 29. a5 {[%cal Gb3a4]} bxa5 30. Ba4+ Kf7 31. Bb3+ $11) 22... Qxd4 {'=/+'
Konikowski.} 23. Be3 $44) {[%tqu "En","?","","","g5e6","",10]} 22. Nxe6 $1 fxe6
$2 $18 ({The only possibility for resistance was} 22... Nxd4 $1 23. Nexd4 Bc5 {
'+/-' Konikowski.} 24. Nb3 Bxf3 25. Qxf3 Rxd2 26. Nxd2 Qxd2 27. Bb3 $16) (22...
Rfe8 23. Nxd8 Nxd8 $18) 23. Bxe6+ Kh8 24. Ra2 {[%csl Rb2] Suddenly Black Q is
catched!} (24. Ra2 Qxa2 25. Bxa2 $18) 1-0

[Event "Capablanca Memorial Elite 33rd"]
[Site "Havana"]
[Date "1998.05.20"]
[Round "10"]
[White "Nogueiras Santiago, Jesus"]
[Black "Zilberman, Yaacov"]
[Result "1/2-1/2"]
[WhiteElo "2520"]
[BlackElo "2555"]
[Annotator "Tsesarsky,I"]
[PlyCount "65"]
[EventDate "1998.05.07"]
[EventType "tourn"]
[EventRounds "11"]
[EventCountry "CUB"]
[EventCategory "12"]
[SourceTitle "CBM 065"]
[Source "ChessBase"]
[SourceDate "1998.08.06"]
[SourceVersion "1"]
[SourceVersionDate "1998.08.06"]
[SourceQuality "1"]

1. Nf3 Nf6 2. c4 e6 3. Nc3 d5 4. d4 c5 5. cxd5 Nxd5 6. e4 Nxc3 7. bxc3 cxd4 8.
cxd4 Bb4+ 9. Bd2 Bxd2+ 10. Qxd2 O-O 11. Rd1 (11. Rc1 Nc6 (11... b6 12. Bd3 Bb7
13. O-O Nc6 14. Bb1 Qd7 15. e5 Rfd8 16. Rfd1 h6 17. Rc3 (17. Qd3 g6 18. h4 Ne7
19. Qe3 Kg7 20. Qf4 Nf5 21. Bxf5 exf5 22. h5 Bd5 23. a3 Rac8 $15) 17... Rac8
18. Qd3 g6 19. Qe3 Kg7 20. Qf4 Nb4 $15 (20... Qe7 21. Rdc1 Nxd4 $6 (21... Nb4
$132) 22. Nxd4 Rxd4 23. Qxd4 Qg5 24. f3 Qxc1+ 25. Rxc1 Rxc1+ 26. Kf2 Rxb1 $14 {
Dambravaite,R-Ciuksyte,Z/LTU-chW Marijampole 1996/1/2-1/2 (57)})) 12. Bb5 Bd7
13. O-O Ne7 (13... Ne5 14. Nxe5 (14. Be2 Nxf3+ 15. Bxf3 Bb5 16. Rfd1 Ba4 17.
Re1 Qd7 18. d5 exd5 19. exd5 Rfe8 $14 {1/2-1/2 Pajeken,W-Staak,R/Hamburg-ch
1994}) 14... Bxb5 15. Rfd1 f6 16. Nf3 Qd7 17. h3 Rac8 $11 {Lundin,E-Pachman,L/
Saltsjobaden izt 1948/0-1 (54)}) 14. Qb4 Qb6 15. a4 Nc6 16. Qc5 Qxc5 17. Rxc5
a6 18. Be2 Rac8 19. Rfc1 f6 $14 {Pomar Salamanca,A-Kortschnoj,V/Palma de
Mallorca/1969/}) (11. Bd3 Nc6 (11... b6 12. O-O Bb7 13. Rfd1 Nc6 14. Qb2 Qf6
15. Rac1 Rfd8 16. Bb5 Rac8 17. Ne5 Nxe5 18. dxe5 Qf4 19. Rxc8 Rxc8 20. Qd4 g5
21. f3 g4 $15 {Berliner,N-Fischer,R/Bay City/1963/ (35)}) 12. Qc3 $5 (12. e5
Qa5 13. Rc1 (13. Rd1 b6 14. Be4 Bb7 15. O-O Qxd2 16. Rxd2 Rfd8 $11 {Qvortrup,
J-Panchenko,A/Gausdal/1991/}) 13... Bd7 14. Rc5 Qxd2+ 15. Kxd2 Rfd8 16. Be4 Be8
17. Ke3 Rab8 18. Rb1 Kf8 19. a4 $14 {Stahlberg,G-Fine,R/Kemeri/1937/0,5/44/ 
(44)}) 12... Bd7 (12... Qa5 $5 13. Qxa5 Nxa5 14. Kd2 $14 (14. Rc1 $6 Bd7 15.
Rc7 $140 Rac8) (14. Ke2 $5)) 13. Rb1 $1 Rc8 14. Qd2 Be8 (14... Na5 15. O-O Nc4
16. Bxc4 $140 (16. Qe2 b5 $10) 16... Rxc4 17. Rxb7 Bc6) 15. d5 $1 exd5 16. exd5
Qe7+ (16... Ne7 $6 17. d6 Ng6 18. Bxg6 hxg6 (18... fxg6 19. O-O Bc6 (19... Rf6
20. Rfd1 Ba4 21. Qd5+ Kh8 22. d7 Rc7 23. Ne5 Bxd1 24. Rxd1 $18 {/\Nf7}) 20. Ne5
Be4 21. Rb4 (21. Rbd1 Qh4 (21... Rf5 $6 22. Qd4 Bxg2 23. Kxg2 Qg5+ 24. Kh1 Rxe5
25. f4 $18) 22. Qd4 Rf4 23. d7 Rd8 24. Qc4+ $18) 21... Qa5 $14) 19. O-O b6 (
19... Bc6 20. Ne5 Be4 21. Rb4 Qa5 22. Qd4 Bc6 (22... Bf5 23. Rxb7 $18) 23. d7
Rcd8 24. Nxc6 bxc6 25. Rb7 Qxa2 26. Rxa7 Qd5 $14) 20. Rfe1 Rc5 21. Rbc1 $1 $16
{1-0 Yusupov,A-Van der Sterren,P/Donner mem-A 1994 (24)} (21. Rbd1 $6 Ba4)) 17.
Be2 $1 Ne5 18. O-O Rd8 19. Rfd1 $14) (11. Be2 b6 (11... Nd7 12. O-O b6 13. Rfe1
Bb7 14. Bd3 Qe7 15. a4 $1 $14 {Larsen,B-Panno,O/Buenos Aires/1979/}) 12. O-O
Bb7 13. Qf4 Nc6 14. Rad1 Ne7 15. h4 $5 $132 {Dreev,A-Ruban,V/URS-ch/1991/ (19)}
) (11. Bb5 $5 Bd7 (11... a6 12. Be2 $5 $14) (11... b6 12. O-O Bb7 13. Rfe1 $14)
12. Rb1 (12. Bc4 $6 Bc6 $1 13. d5 $6 exd5 14. exd5 Re8+ $15) 12... Bxb5 13.
Rxb5 Qd7 (13... b6 $5 14. O-O Nd7 $132 15. d5 $140 Nf6 16. dxe6 Qxd2 17. exf7+
Rxf7 18. Nxd2 Rd8 $10) 14. Qb2 $1 $132 {1/2-1/2 Kozul,Z-Psakhis,L/Bled op 1995
(40)}) (11. Bc4 $5 Nc6 12. O-O $14) 11... b6 (11... Nc6 12. Bb5 (12. Bc4 Qa5
13. O-O Qxd2 14. Rxd2 b6 15. d5 Na5 16. Bb5 exd5 17. exd5 $14) (12. d5 exd5 13.
exd5 Re8+ 14. Be2 Ne5 15. Nxe5 Rxe5 16. O-O $11 (16. d6 Bg4 17. f3 Be6 18. Kf2
Qb6+ $15 {Halkias,S-Kourkounakis,I/7th Open, Chania GRE 1997/0-1 (49)})) 12...
Bd7 13. Rb1 (13. O-O Ne5 $5 14. Be2 Nxf3+ 15. Bxf3 Rc8 16. d5 $14) 13... Ne7
14. Bd3 (14. Bxd7 Qxd7 15. O-O (15. Ne5 Qc7 16. O-O Rfd8 17. Qe3 b6 18. Rfd1
$14) 15... f6 16. Rfc1 $14) 14... Bc6 15. h4 h6 16. Rh3 $2 (16. O-O f5 (16...
Ng6 17. g3 (17. h5 Nh4 18. Ne1 f5 $132) 17... f5 18. exf5 Bxf3 19. fxg6 Qxd4
$132) 17. Rfe1 fxe4 18. Bxe4 $14) 16... f5 $1 17. exf5 (17. Rg3 $6 fxe4 18.
Qxh6 Nf5 (18... Rf7 19. Ne5 Qa5+ 20. Kf1 Nf5 21. Rxg7+ Nxg7 22. Nxf7 Kxf7 23.
Bc4 Rd8 $19) 19. Qxe6+ Kh8 20. Rg5 (20. Bxe4 Nxg3 21. Bxc6 bxc6 $19) 20... Qe8
$19 {0-1 Azmaiparashvili,Z-Yusupov,A/Groningen 1994 (26)}) 17... Nxf5 $15) 12.
h4 Bb7 (12... Ba6 13. Bxa6 Nxa6 14. Qd3 Nb4 15. Qb1 Qe7 16. O-O h6 17. d5 exd5
18. exd5 Qc5 19. d6 Rad8 20. d7 Na6 21. Rfe1 Nb8 22. Ne5 $16 {Aleksandrov,
A-Akhmadeev,V/Kstovo op/1994/ (23)}) 13. Bd3 Nc6 14. Bb1 Qe7 (14... Qd6 15. O-O
Rad8 16. Qg5 e5 17. d5 f6 18. Qg3 Ne7 19. Bd3 Ng6 20. Rfe1 Nf4 21. Bf1 Rc8 22.
Nd2 Kh8 23. Qb3 Rc5 24. g3 Ng6 $14 {1-0 Kramnik,V-Van der Sterren,P/Hoogovens,
Wijk aan Zee NED 1998 (31)}) 15. O-O Rfd8 (15... Rad8 16. Qf4 Qf6 17. Qc7 Qe7
18. Qg3 Qd6 19. e5 Qe7 20. Rfe1 Rfe8 21. Ng5 g6 22. d5 Rxd5 23. Rxd5 exd5 24.
e6 f6 $4 (24... f5 25. Bxf5 (25. h5 Qf6) 25... gxf5 26. Nf7+ Kf8 27. Nd6 (27.
Nh6 Qg7 28. Qa3+ Qe7 29. Qg3 Qg7) 27... d4 28. Nxf5 Qf6 29. Nd6 Rxe6 30. Rxe6
Qxe6 31. Nxb7 $132) 25. Nh3 $4 (25. Nxh7 Qg7 (25... Kxh7 26. Qxg6+ Kh8 27. Re3
$18) 26. Bxg6 (26. Qxg6 Qxg6 27. Bxg6 Re7 28. Nxf6+ Kg7 29. Nxd5 Kxg6 30. Nxe7+
Nxe7 31. f3 Bd5 32. a3 Kf6 33. g4 $16) 26... Rc8 27. h5 Ne7 28. Qh4 $18) 25...
Qb4 $19 (25... Qg7 26. Bd3 {1-0 Aleksandrov,A-Lima,D/NY Open, New York USA 1997
})) 16. Rfe1 $6 (16. e5 Rac8 17. Qd3 g6 18. Qe3 Nb4 19. h5 Nc2 20. Bxc2 Rxc2
$15) (16. Qf4 $1 Rd7 (16... Ba6 17. Rfe1 Rd7 18. d5 Rad8 19. Bd3 Bxd3 (19...
Qa3 20. dxc6 Rxd3 21. Rxd3 Qxd3 (21... Bxd3 22. c7 $18) 22. Ne5 Qd2 23. Qxf7+
Kh8 24. Nf3 $18) 20. dxc6 Rd6 21. c7 Rc8 22. Ne5 Bb5 23. Rxd6 (23. Nxf7 $1 Rxd1
24. Rxd1 Rxc7 25. Rd8+ Be8 26. Rxe8+ Qxe8 27. Qxc7 Qxf7 28. Qc8+ Qf8 29. Qxe6+
$18) 23... Qxd6 24. Qxf7+ Kh8 25. Rc1 a6 (25... Qxe5 26. Rd1 $1 $18) 26. g3 (
26. Qh5 Kg8 27. Qd1 Qe7 28. a4 Be8 29. Qb3 Rxc7 30. Rxc7 Qxc7 31. Qxe6+ Kf8
$132) 26... Ba4 27. Qf4 Qe7 28. Nf7+ Kg8 29. Ng5 h6 30. Nf3 Qa3 31. e5 $16 (31.
Ne5 $16) (31. Qe3 $16)) 17. d5 Rad8 18. Rfe1 $1 (18. dxc6 $6 Rxd1 19. cxb7 Qxb7
20. Bc2 Rxf1+ 21. Kxf1 Qa6+ 22. Kg1 Qxa2 23. Qc7 Rf8 24. g4 (24. Ne5 Qa1+ 25.
Kh2 Qa6 26. Nc6 (26. Bd3 Qc8 27. Qxa7 Qc3 28. f4 Qd2 $19) (26. g3 Qc8 $17)
26... Qe2 27. Kg3 (27. f3 Qf2 28. Kh3 a5 29. Ne7+ Kh8 30. Nc8 Qc5 31. Qxc5 bxc5
32. Nd6 Kg8 $15) 27... a5 28. Ne7+ Kh8 29. Nc8 f5 30. exf5 exf5 31. Bxf5 g6 32.
Qc3+ Kg8 33. Bg4 Qxf2+ 34. Kh3 h5 35. Be6+ Kh7 36. Nd6 Kh6 $15) (24. e5 b5 25.
Qc5 (25. Ng5 h6 26. Bh7+ Kh8 27. Qc5 hxg5 28. Qxf8+ Kxh7 29. Qxf7 Qa1+ 30. Kh2
Qxe5+ $19) 25... g6 26. Be4 Qc4 27. Qe3 Rd8 28. h5 a5 29. h6 a4 30. Qf4 Rc8 31.
Nd2 Qc1+ 32. Kh2 Kf8 33. Qf6 Qxd2 34. Qh8+ Ke7 35. Qxc8 Qf4+ 36. g3 Qxe4 37.
Qc7+ Ke8 38. Qc8+ Ke7 $11) 24... b5 25. e5 Qc4 $17) 18... Nb8 19. Ne5 Rd6 20.
Nc4 R6d7 21. d6 Qe8 22. e5 $16) 16... Na5 $1 $11 (16... Rac8 17. d5 Qf8 18. Qf4
(18. d6 e5 $17) 18... exd5 19. exd5 Nb4 20. d6 Nc2 21. Bxc2 Rxc2 22. Ng5 $18)
17. d5 (17. e5 Bxf3 $17) 17... Nc4 18. Qd4 (18. Qf4 e5 (18... Rac8 19. dxe6
fxe6 20. Rxd8+ Rxd8 21. e5 Bxf3 22. Qxc4 Bd5 $132) 19. Qg3 $11) 18... Rac8 19.
Rc1 (19. Bd3 e5 20. Qa1 f6 21. Rc1 Nd6 $11) 19... e5 20. Qc3 f6 21. Bd3 Nd6 22.
Qa3 Rxc1 (22... a6 23. Qb3 b5 (23... Rxc1 24. Rxc1 Rc8 25. Rxc8+ Nxc8 26. d6+
$18) 24. a4 bxa4 25. Qxa4 Rxc1 26. Rxc1 Rc8 27. Rxc8+ Bxc8 28. Bxa6 Qa7 29. Bb5
Qxa4 30. Bxa4 Nxe4 $11) 23. Rxc1 Rc8 24. Nd2 Rxc1+ 25. Qxc1 Kf7 26. Qa3 Bc8 (
26... a5 27. Qc3 Qd8 $11) 27. Qc3 Bd7 28. g3 (28. Qc7 Nb5 29. Qb7 Be8 $11)
28... Be8 29. Kg2 Kf8 30. Qc2 Bd7 31. Nc4 (31. f4 Bg4 32. Nf3 Bxf3+ 33. Kxf3 g6
$11) 31... Nxc4 32. Qxc4 Qc5 33. Qxc5+ 1/2-1/2